[Event "North American-ch Juniors Open U20 2020"]
[Site "Charlotte"]
[Date "2020.12.22"]
[Round "6.7"]
[White "Venkat, Raghav"]
[Black "Tsay, Vincent"]
[Result "1/2-1/2"]
[WhiteElo "2167"]
[BlackElo "2266"]
[Annotator "TA"]
[PlyCount "35"]
[EventDate "2020.12.06"]
[EventType "swiss"]
[EventCountry "USA"]
[SourceTitle "playchess.com"]
[Source "ChessBase"]
[SourceQuality "1"]

{[%evp 17,35,18,22,12,31,22,58,47,45,44,48,33,36,37,82,66,78,86,73,37]} 1. e4 e6 2. d4 d5 3. Nc3 Bb4 4. e5 c5 5. a3 Ba5 6. b4 cxd4 7. Nb5 Bc7 8. f4 Bd7 {The main line 8...Bd7 scores better than 8...Ne7.} 9. Nxc7+ Qxc7 10. Bb2 {C18: French: 3 Nc3 Bb4: Main line: 7 h4 and 7 Qg4.} Ne7 11. Bd3 Qb6 12. Nf3 {White is slightly better.} Bb5 13. Bxd4 {[#]} Qc6 $146 ({Predecessor:} 13... Qa6 14. O-O Nd7 15. a4 Bxd3 16. cxd3 O-O 17. Qd2 b6 18. Nh4 Ng6 19. Nxg6 fxg6 {0-1 (42) Finnlaugsson,G-Haugli,P (2330) Naestved 1988}) 14. Bc5 {[#] Nd4 is the strong threat.} Bxd3 15. cxd3 Qd7 16. Rc1 Na6 17. Bxe7 Qxe7 18. Qa4+ {Weighted Error Value: White=0.06/Black=0.13} 1/2-1/2

[Event "North American-ch Juniors Open U20 2020"]
[Site "Charlotte"]
[Date "2020.12.22"]
[Round "6.8"]
[White "Cervantes Landeiro, Thalia"]
[Black "Lu, Ming"]
[Result "1-0"]
[WhiteElo "2311"]
[BlackElo "2154"]
[Annotator "TA"]
[PlyCount "65"]
[EventDate "2020.12.06"]
[EventType "swiss"]
[EventCountry "USA"]
[SourceTitle "playchess.com"]
[Source "ChessBase"]
[SourceQuality "1"]

{[%evp 9,65,30,25,31,39,-1,60,62,48,-4,-3,0,22,0,0,-14,32,12,68,77,127,126,166,122,215,211,190,155,145,144,166,174,182,184,332,277,385,324,376,381,350,375,365,368,500,489,490,495,497,504,503,497,499,491,491,493,670,652]} 1. d4 d5 2. c4 c6 3. e3 Nf6 4. Bd3 Bg4 5. f3 Bh5 6. Ne2 {D10: Slav Defence: 3 cxd5 (without early Nf3) and 3 Nc3.} e6 7. cxd5 exd5 (7... cxd5 $11 8. Nbc3 Nc6) 8. Nbc3 $14 {White is slightly better.} Be7 {[#]} 9. e4 $146 (9. O-O $14) ({Predecessor:} 9. O-O Nbd7 10. e4 dxe4 11. fxe4 Qb6 12. Na4 Qd8 13. Qe1 c5 14. Nf4 O-O 15. e5 {1-0 (37) De Francisco y de Diego,F (2044)-Fernandez Garcia,F (1913) Malaga 2009}) 9... dxe4 $11 10. fxe4 O-O 11. O-O c5 12. d5 c4 13. Bxc4 {Black should prevent Kh1.} Qb6+ ({Better is} 13... Nbd7 $11) 14. Kh1 $1 $14 Ng4 {[#]} 15. Qe1 $1 Qc7 {[%csl Gg4][%cal Rc7h2]} 16. Ng3 {Black must now prevent Be2.} Bh4 {[#]} (16... Qxc4 $16 17. Nxh5 g6) 17. Be2 $1 $18 Bxg3 18. Qxg3 Qxg3 19. hxg3 Nf6 20. Bf3 Nbd7 21. Bf4 Bg6 (21... Rac8 $142 22. Rfe1 a6) 22. Rfe1 a6 23. Bd6 Rfc8 24. e5 Ne8 25. Ba3 Rab8 26. Bg4 f5 27. Bf3 {White is clearly winning.} b5 28. Bb4 a5 29. Be7 Nc5 30. Bxc5 Rxc5 31. d6 Rd8 32. Rad1 h6 33. d7 {Weighted Error Value: White=0.12/Black=0.35} 1-0

[Event "North American-ch Juniors Open U20 2020"]
[Site "Charlotte"]
[Date "2020.12.22"]
[Round "6.9"]
[White "Truelson, Joseph"]
[Black "Sheng, Joshua"]
[Result "0-1"]
[WhiteElo "2046"]
[BlackElo "2474"]
[Annotator "TA"]
[PlyCount "64"]
[EventDate "2020.12.06"]
[EventType "swiss"]
[EventCountry "USA"]
[SourceTitle "playchess.com"]
[Source "ChessBase"]
[SourceQuality "1"]

{[%evp 17,64,0,0,-12,-17,-60,0,-7,6,-47,-47,-50,-49,-45,-52,-63,-44,-49,-39,-108,-108,-108,-100,-98,-98,-142,-110,-141,-100,-127,-132,-164,-172,-147,-166,-158,-116,-127,-122,-220,-226,-220,-199,-201,-199,-205,-202,-226,-223]} 1. e4 c5 2. Nc3 e6 3. Nf3 a6 4. d4 cxd4 5. Nxd4 Qc7 6. Be3 Nf6 7. Bd3 b5 8. a3 Bb7 9. O-O d6 10. f3 {B43: Sicilian: Kan Variation: 5 Nc3.} Nbd7 11. Nce2 Ne5 {[#]} (11... d5 $15 12. exd5 Nxd5) 12. a4 $146 {The position is equal.} ({Predecessor:} 12. Rc1 Nc4 13. Bxc4 Qxc4 14. Qd3 {1-0 (14) Varga,M (1768)-Svatos,Z Rychnov 2010}) 12... b4 {[%cal Bb5b4,Bb4c3][%mdl 32]} 13. c3 ({White should play} 13. c4 $1 $11) 13... d5 $15 14. exd5 Nxd5 15. Bf2 $1 bxc3 16. Rc1 {[%cal Re2c3]} Nxd3 17. Qxd3 {[%cal Re2c3]} Bd6 18. Bg3 ({White should try} 18. h3 $15) 18... Bxg3 $17 19. Nxg3 {[%cal Rb2c3]} O-O 20. bxc3 Rfd8 21. Kh1 Rac8 22. Nde2 Qa5 23. c4 Nb6 24. Qb1 Bc6 25. c5 Nxa4 26. Qa1 Qd2 27. Rfd1 Qb2 28. Nd4 (28. Rc4 $17 {was worth a try.} Qxa1 29. Rxa1) 28... Qxa1 $19 {Black is clearly better.} 29. Rxa1 Kf8 ({Not} 29... Nxc5 30. Nxc6 Rxd1+ 31. Rxd1 $16) 30. Nxc6 Rxd1+ 31. Rxd1 {[#] Black must now prevent Ne5.} Rxc6 32. Ne4 f5 {Weighted Error Value: White=0.21/Black=0.12} ({Worse is} 32... Nxc5 33. Rc1 $16) 0-1

[Event "North American-ch Juniors Open U20 2020"]
[Site "Charlotte"]
[Date "2020.12.22"]
[Round "7.1"]
[White "Chasin, Nico"]
[Black "Liang, Jason"]
[Result "0-1"]
[WhiteElo "2303"]
[BlackElo "2317"]
[Annotator "TA"]
[PlyCount "112"]
[EventDate "2020.12.06"]
[EventType "swiss"]
[EventCountry "USA"]
[SourceTitle "playchess.com"]
[Source "ChessBase"]
[SourceQuality "1"]

{[%evp 16,112,5,0,0,0,0,0,3,-12,0,-4,34,-32,-42,-43,-43,-60,-43,-45,-49,-54,-40,-39,-43,-39,-24,-37,0,-17,7,0,0,0,35,21,25,8,0,-44,-48,-85,-31,-41,0,0,2,-11,0,-38,-29,-23,-10,-8,0,-75,-7,-108,-97,-184,-169,-180,-159,-317,-323,-292,-295,-698,-698,-1061,-1039,-1367,-1377,-29987,-2990,-29988,-2808,-2529,-2251,-2882,-2175,-2908,-2782,-29987,-29988,-29988,-29980,-29980,-29981,-29982,-29983,-29984,-29985,-29985,-29986,-29985,-29982,-29988,-29985]} 1. c4 e6 2. Nf3 d5 3. g3 Nf6 4. Bg2 Be7 5. e3 O-O 6. b3 b6 7. O-O Bb7 8. Bb2 c5 9. Nc3 Qc8 {A14: English Opening: 1...e6 with b3 by White.} 10. Rc1 Rd8 11. Qe2 Nc6 {The position is equal.} 12. d3 Qd7 13. Rfd1 Rac8 {[#]} 14. Qf1 $146 ({White should try} 14. d4 $14) ({Predecessor:} 14. h3 h6 15. a3 a6 16. Qc2 Qc7 17. Qb1 Qb8 18. cxd5 Nxd5 19. Nxd5 Rxd5 20. Qa1 {1-0 (40) He,A (2337)-Saksham,R (2480) chess.com INT 2020}) 14... d4 $15 15. Nb1 Rb8 16. a3 a5 17. exd4 cxd4 18. Qe2 Bc5 19. Nbd2 Qe7 20. Ra1 h6 21. Nh4 g6 22. Bc1 Kg7 23. Re1 Re8 24. f4 Qd7 25. Ndf3 Ng4 26. Bh3 Ne3 27. Qb2 {And now Bxe3 would win.} Kg8 28. Nd2 Nf5 (28... Bf8 $17) 29. Ne4 {Hoping for Nf6+.} Be7 (29... Qd8 $5 {[%cal Rf5h4]} 30. Nf3 Bf8 $11) 30. Nf3 Nd6 31. Nf2 f5 32. b4 {Strongly threatening b5.} b5 $36 {[%mdl 2048] White is under pressure.} 33. c5 Nf7 34. Bg2 Bf6 35. Qb3 (35. bxa5 $11 Nxa5 36. Bd2) 35... Kg7 (35... a4 $17 36. Qa2 Na7) 36. g4 (36. bxa5 $1 $11 {remains equal.} Nxa5 37. Qb4) 36... e5 $1 $17 {White is now going downhill.} 37. Bh3 (37. h3 $17) 37... exf4 $1 $19 38. Bxf4 Nce5 39. Nxe5 $2 (39. Bxe5 $17 Nxe5 40. Nxe5 Bxe5 41. Bg2) 39... Bxe5 40. gxf5 gxf5 ({Wrong is} 40... Bxf4 $2 41. f6+ $1 {[%mdl 512]} Kxf6 42. Bxd7 $18) 41. Bd2 $2 (41. Rxe5 Nxe5 42. Ne4) 41... Qc6 42. Qd1 {If only White now had time for Qh5....} Qg6+ 43. Kf1 Bxh2 {[%csl Gh2][%cal Rg6g1]} 44. Rxe8 Qg1+ 45. Ke2 {[#]} Rxe8+ (45... Bf3+ $142 $1 {[%mdl 512]} 46. Kxf3 Qg3+ 47. Ke2 Rxe8+ 48. Be3 Rxe3+ 49. Kd2 Qxf2+ 50. Kc1 {[#]} Re1 $1 {[%mdl 512]} 51. Qxe1 Qxe1+ 52. Kc2 Qe2+ 53. Kc1 Bf4+ 54. Kb1 Qxd3+ {[%mdl 64] Double Attack} 55. Kb2 Qc3+ {[%mdl 64] Double Attack} 56. Kb1 Qb3#) 46. Ne4 Qg3 {( -> ...Rxe4+)} 47. Qf1 fxe4 48. Kd1 e3 49. Be1 e2+ {[%mdl 64] Discovered Attack. Black mates.} 50. Qxe2 Bf3 {[%mdl 64] Pin} 51. Bxg3 Rxe2 52. Bxh2 Rxh2+ 53. Ke1 Rxh3 54. Kf2 Ne5 55. Rg1+ Kf6 56. Ke1 Rh2 {Weighted Error Value: White=0.87/Black=0.24} 0-1

[Event "North American-ch Juniors Open U20 2020"]
[Site "Charlotte"]
[Date "2020.12.22"]
[Round "7.2"]
[White "Wu, Derek"]
[Black "Asaria, Danial"]
[Result "0-1"]
[WhiteElo "2106"]
[BlackElo "2284"]
[Annotator "TA"]
[PlyCount "62"]
[EventDate "2020.12.06"]
[EventType "swiss"]
[EventCountry "USA"]
[SourceTitle "playchess.com"]
[Source "ChessBase"]
[SourceQuality "1"]

{[%evp 13,62,0,32,0,14,9,4,0,0,7,10,0,0,0,0,0,0,0,0,0,-12,0,10,-62,-51,-61,-58,-47,-47,-44,-57,-167,-151,-339,-331,-538,-533,-910,-889,-1022,-912,-795,-710,-29984,-29985,-29981,-6702,-29994,-29995,-29995,-29996]} 1. d4 d5 2. c4 c6 3. Nc3 Nf6 4. Nf3 dxc4 5. a4 {[%cal Ba2a4,Ba4a5,Ba5a6][%mdl 32]} Bf5 6. Ne5 Nbd7 {[%cal Bb8d7,Bd7b6,Bb6d5][%mdl 32] The main line 6...Nbd7 scores better than 6...e6.} 7. Nxc4 Nb6 8. Ne3 {D17: Slav Defence: 5 a4 Bf5: Lines with 6 Nh4 and 6 Ne5.} e6 9. Nxf5 exf5 10. a5 {The position is equal.} Nbd5 11. a6 {[#]} b5 $146 ({Predecessor:} 11... b6 12. g3 Bb4 13. Bd2 O-O 14. Bg2 Qe7 15. O-O Rac8 16. Nxd5 Nxd5 17. e3 Rfd8 18. Bxb4 Nxb4 {1-0 (43) Hammer,J (2583)-So,W (2646) Lubbock 2009}) 12. g3 Bb4 13. Bd2 Bxc3 14. bxc3 Ne4 15. Bg2 O-O 16. Qc2 Re8 17. O-O h5 18. Be1 (18. Bxe4 $11 Rxe4 19. e3) 18... h4 $15 19. c4 bxc4 20. Qxc4 hxg3 21. hxg3 Re6 22. Qc2 ({White should try} 22. Qc1 $15) 22... Qg5 $1 $19 23. Rb1 $2 {[#] White does not recover from this.} (23. Qc1 $17 {was worth a try.} f4 24. Bd2) 23... Rh6 $1 24. Bf3 $2 (24. Bxe4 {leads to mate.} Qh5 25. Rb8+ Rxb8 26. Kg2 {[#]} Nf4+ $1 {[%mdl 512]} 27. gxf4 Rg6#) (24. f4 {was forced.} Qh5 25. Rf3) 24... Re8 25. Qc1 {Qxg5 would now be nice for White.} f4 26. Rb3 Qf5 27. g4 {[#]} Qg5 $1 {[%mdl 512] ( -> ...Qh4)} 28. Bd2 Qh4 {[%csl Gh6][%cal Rh4h2]} 29. Bxf4 g5 30. Bb8 {[#]} Rxb8 $1 {[%mdl 512]} 31. Rxb8+ Kg7 {Weighted Error Value: White=1.00/Black=0.05} 0-1

[Event "North American-ch Juniors Open U20 2020"]
[Site "Charlotte"]
[Date "2020.12.22"]
[Round "7.3"]
[White "Vivekananthan, Anish"]
[Black "Sandoval Mercado, Carlos"]
[Result "1-0"]
[WhiteElo "2305"]
[BlackElo "2298"]
[Annotator "TA"]
[PlyCount "83"]
[EventDate "2020.12.06"]
[EventType "swiss"]
[EventCountry "USA"]
[SourceTitle "playchess.com"]
[Source "ChessBase"]
[SourceQuality "1"]

{[%evp 20,83,-6,-17,-4,-16,-13,-49,-32,-20,-14,-48,0,-41,-40,-25,94,-12,-25,-31,0,0,0,0,0,-51,-29,-41,0,0,35,27,55,50,98,32,26,29,58,23,110,60,397,158,179,177,194,175,239,224,231,230,204,170,271,260,399,395,381,381,337,332,364,346,29997,29998]} 1. e4 c5 2. Nf3 d6 3. d4 cxd4 4. Qxd4 Nc6 5. Bb5 Bd7 6. Bxc6 Bxc6 7. Nc3 Nf6 8. Bg5 e6 9. O-O-O Be7 10. Qd3 Qa5 11. Kb1 O-O {B53: Sicilian: 2...d6: Lines with Qxd4.} 12. Rhe1 Rfd8 {[#]} 13. h3 $146 ({Predecessor:} 13. Qd2 Qc7 14. Nd4 Be8 15. f3 a6 16. g4 b5 17. Nce2 Rac8 18. Ng3 a5 19. Rg1 Kh8 20. Nh5 Ng8 21. Bxe7 Nxe7 {0-1 (37) Bauer,C (2630)-Stojanovic,M (2509) Switzerland 2017}) 13... b5 {Black is slightly better.} 14. Nd4 Be8 $1 15. f4 {[%cal Rc3b5]} b4 (15... h6 $5 {[%cal Rh6g5]} 16. Bh4 b4 $11) 16. Nce2 (16. Nd5 $5 Nxd5 17. exd5 Bxg5 18. Nb3 $15) 16... Qc7 17. g4 g6 (17... Rac8 $11) 18. Bxf6 (18. f5 $16) 18... Bxf6 $11 19. g5 Bxd4 (19... Bg7 {feels hotter.} 20. f5 e5 21. Nf3 Bc6 22. Ng3 a5) 20. Nxd4 e5 21. Ne2 Bc6 22. Qf3 ({White should try} 22. h4 $11) 22... a5 $15 23. h4 a4 24. h5 Qb7 25. Ng3 exf4 26. Qxf4 {Qf6 is the strong threat.} b3 {[#]} 27. cxb3 (27. Qf6 $1 $16 bxc2+ 28. Kxc2) 27... axb3 $14 28. a3 Bb5 29. Qe3 (29. Rxd6 $2 Bd3+ 30. Rxd3 (30. Ka1 Rxa3+ {[%mdl 64] Promotion} 31. bxa3 b2+ 32. Ka2 b1=Q+ 33. Rxb1 Qxb1#) 30... Rxd3 $19) 29... Bc4 (29... Qa7 $11 {remains equal.}) 30. Qc3 Rac8 $2 {[%mdl 8192] [#] Now Black is done in.} ({Black should play} 30... Rdc8 $14) 31. h6 $2 (31. Qf6 $1 $18 Qb5 32. e5) 31... f6 $16 32. Qxf6 ({Don't play} 32. gxf6 $6 Be2 $16) 32... Qc7 33. Qd4 Rf8 (33... d5 {was worth a try.}) 34. Rc1 $18 ({Don't blunder} 34. Qxd6 $2 Qxd6 35. Rxd6 Rf3 $19) 34... Rf7 35. Rc3 {aiming for Rec1.} Qc5 36. Rd1 Rfc7 (36... Qxd4 $142 37. Rxd4 Rfc7) 37. Ne2 ({Don't do} 37. Qxd6 $6 Qxd6 38. Rxd6 Bb5 $16) 37... Qe5 (37... d5 $142 38. exd5 Qxd4 39. Nxd4 Bxd5) 38. Qxe5 dxe5 39. Nc1 Rb7 {[#]} 40. Rd5 $1 {[%mdl 512]} Rc6 (40... Bxd5 41. Rxc8+) 41. Rxe5 Kf7 $2 (41... Rc8 $18 42. a4 Kf7 43. Rf3+ Kg8) 42. Rf3+ {Accuracy: White = 58%, Black = 37%.} 1-0

[Event "North American-ch Juniors Open U20 2020"]
[Site "Charlotte"]
[Date "2020.12.22"]
[Round "7.4"]
[White "Sheng, Joshua"]
[Black "Stearman, Josiah"]
[Result "1/2-1/2"]
[WhiteElo "2474"]
[BlackElo "2391"]
[Annotator "TA"]
[PlyCount "132"]
[EventDate "2020.12.06"]
[EventType "swiss"]
[EventCountry "USA"]
[SourceTitle "playchess.com"]
[Source "ChessBase"]
[SourceQuality "1"]

{[%evp 14,132,3,0,30,0,0,0,11,0,0,-13,29,35,30,28,33,33,33,33,33,17,33,25,31,0,-5,-11,0,-8,148,149,142,135,122,143,134,151,140,155,167,144,141,175,159,144,155,115,101,102,93,94,93,86,103,93,109,54,102,81,96,70,74,69,79,71,95,95,164,164,171,171,252,252,252,244,888,654,772,507,683,8,8,8,8,8,8,8,690,610,5097,1006,29937,29937,610,29944,29947,29945,29942,12851,12827,12824,12824,12823,12822,12819,12820,12816,12811,12802,10244,9847,6673,6079,5615,5126,4618,0,0,0,0]} 1. c4 Nf6 2. Nc3 e6 3. e4 d5 4. e5 d4 5. exf6 dxc3 6. bxc3 Qxf6 7. d4 e5 8. Nf3 Nc6 {A18: English Opening: Flohr-Mikenas System (1 c4 Nf6 2 Nc3 e6 3 e4).} 9. d5 Nb8 10. Bg5 Qg6 11. h4 h6 12. h5 Qb6 13. Be3 {[#]} Bc5 $146 ({Predecessor:} 13... Qa5 14. Qd2 Bd6 15. Rb1 b6 16. c5 bxc5 17. Rb5 Qa4 18. Rh4 e4 19. Qb2 Nd7 {0-1 (52) Winterberg,L (2375)-Barzen,P (2261) Germany 2018}) 14. Rb1 Qd6 15. Bxc5 Qxc5 16. Bd3 O-O 17. O-O Bg4 18. Rxb7 Nd7 19. Qa4 Qd6 {Hoping for ...Nc5.} 20. c5 $1 {[%cal Rc5d6]} (20. Rxa7 $2 Nc5 $19) 20... Nxc5 {[%mdl 64] Double Attack} 21. Qxg4 $40 {[%mdl 128] White mounts an attack.} Nxd3 $2 (21... Nxb7 $11 22. Qf5 g6 23. hxg6 fxg6 24. Qxg6+ Qxg6 25. Bxg6 e4 26. Bxe4 Nc5) 22. Nh4 $1 $16 Nf4 23. c4 g6 24. hxg6 fxg6 25. g3 {Threatens to win with c5.} h5 26. Qd1 Qd8 27. Qc2 Rf7 28. Rb3 Qf6 29. gxf4 Qxh4 30. Rg3 ({Wrong is} 30. Qxg6+ $2 Rg7 $1 $19 {[%mdl 512]}) 30... Qxf4 31. Qxg6+ {[%mdl 64] Double Attack} Kh8 32. Qxh5+ Rh7 33. Qg5 Rf8 34. Qxf4 Rxf4 {[%mdl 4096] Endgame KRR-KRR} 35. Rc1 (35. c5 $1 $16) 35... Rhh4 36. c5 $1 Rc4 37. Rxc4 (37. Re1 {feels hotter.} Rxc5 38. Rxe5 Rc1+ 39. Kg2 Rc2 40. a3) 37... Rxc4 {KR-KR} 38. c6 Rc5 39. Rb3 Rxd5 40. Rb7 $1 {[%csl LRa7,LRc7][%mdl 64] Double Attack} Rc5 (40... Kg7 $16) 41. Rxc7 $18 Kg8 42. Kg2 ({Much less strong is} 42. Rxa7 Rxc6 43. a4 Kf8 $16) 42... Rc3 (42... Kf8 {was necessary.} 43. Kf3 (43. Rxa7 Rxc6 44. a4 e4 $16) 43... a5) 43. Rxa7 Rxc6 44. a4 {[%cal Ba2a4,Ba4a5,Ba5a6][%mdl 32]} Rc3 $2 (44... Kf8 45. Kf3 Ke8) 45. a5 Ra3 46. a6 $1 e4 47. Ra8+ $2 (47. Kf1 $1 $18 Ra1+ 48. Ke2) 47... Kg7 $11 48. a7 {Strongly threatening Kf1.} Kh7 49. Kf1 {aiming for Ke2.} Ra2 50. Ke1 {Kd1 is the strong threat.} Kg7 $2 {[%mdl 8192]} (50... Ra1+ $11 51. Kd2 Ra3) 51. Kd1 $18 Kh7 52. Kc1 $1 {[%cal Rc1b1]} Kg7 53. Kb1 Ra4 {[#]} 54. Kb2 $1 Kh7 55. Kb3 Ra1 56. Kc4 Kg7 57. Kd5 Ra4 58. Kc6 Ra2 59. Kd6 Ra6+ 60. Ke5 Ra4 61. Kf5 {Cut Off at move 61} Kh7 62. Kf6 Ra6+ 63. Kf7 Ra3 {[#]} 64. Kf8 $1 Kh8 65. Kf7+ $2 (65. Ke7+ $18 Kg7 66. Kd8) 65... Kh7 $11 66. Ke6 e3 $1 {Weighted Error Value: White=0.16/Black=0.45} 1/2-1/2

[Event "North American-ch Juniors Open U20 2020"]
[Site "Charlotte"]
[Date "2020.12.22"]
[Round "7.5"]
[White "Chen, Ryo"]
[Black "Cervantes Landeiro, Thalia"]
[Result "1-0"]
[WhiteElo "2165"]
[BlackElo "2311"]
[Annotator "TA"]
[PlyCount "89"]
[EventDate "2020.12.06"]
[EventType "swiss"]
[EventCountry "USA"]
[SourceTitle "playchess.com"]
[Source "ChessBase"]
[SourceQuality "1"]

{[%evp 12,89,10,1,6,-2,-5,0,4,1,1,0,7,-13,0,0,18,19,3,1,90,32,34,26,30,25,53,44,148,137,141,127,195,203,209,118,238,228,221,225,254,252,247,235,254,254,249,223,249,171,287,286,320,262,253,223,283,288,288,288,273,287,269,175,462,443,582,498,2240,2040,5263,5202,29992,29993,29993,29993,29993,29994,29994,29993]} 1. e4 e5 2. Nf3 Nc6 3. Bb5 Nf6 4. d3 Bc5 5. c3 O-O 6. O-O d6 7. Nbd2 Ne7 {now supersedes 7...a6. C65: Ruy Lopez: Berlin Defence (3...Nf6), unusual lines and 4 0-0 Bc5.} 8. d4 exd4 9. cxd4 Bb6 {The position is equal.} 10. Re1 Bg4 11. h3 Bh5 12. a4 Ba5 13. Re3 c6 14. Bd3 Bb6 15. Qc2 Bg6 (15... c5 $11) 16. Re1 {[#]} (16. b4 $16) 16... Re8 $146 ({Predecessor:} 16... d5 17. e5 Nd7 18. Nb3 a5 19. Bg5 f6 20. exf6 Nxf6 21. Re6 Qd7 22. Rae1 Bxd3 23. Qxd3 Ng6 24. Bxf6 Nf4 {½-½ (30) Svetushkin,D (2543)-Quesada Perez,Y (2636) Monzon 2016}) 17. b3 Rc8 18. Ba3 Nh5 19. g3 c5 {Black is now going downhill.} (19... Qd7 $14) 20. d5 $1 $16 Nxg3 {Strongly threatening ...Nh5.} 21. a5 $1 {[%cal Ra5b6]} Nh5 (21... Nxe4 $16 22. axb6 (22. Nxe4 Bxa5 23. Nc3 Qd7 $11) 22... Nxd2 23. Qxd2 (23. Nxd2 axb6 24. Qc4 Bxd3 $16) 23... Qxb6) 22. axb6 $18 axb6 {Black hopes to continue with ...Qd7.} 23. Bb5 (23. Qc4 $18) 23... Rf8 (23... Nxd5 $16 24. Bxe8 Qxe8) 24. Qc4 Nf4 25. Bb2 Nxh3+ 26. Kf1 Nf4 27. Qc3 $1 {[%csl Gb2][%cal Rc3g7]} f6 28. Nh4 Be8 {[#]} 29. Bxe8 $1 Qxe8 30. Qf3 g5 (30... Nfg6 {was called for.}) 31. Nc4 Rd8 32. Ng2 Nxg2 33. Qxg2 Qh5 {[#]} 34. Re3 $1 ({Resist} 34. Nxb6 $6 f5 $16) 34... b5 35. Rh3 Qg6 36. Ne3 h5 37. Ra5 {[%cal Ba1a5,Ba5b5,Bb5b7,Bb7e7,Be7g7][%mdl 32]} g4 $2 (37... f5 {might work better.}) 38. Rh4 f5 39. Rxb5 Qg5 (39... Rf7 $142 40. Rxb7 Rdf8) 40. Qh1 fxe4 41. Rxh5 Qg6 42. Rxb7 {White mates.} g3 43. Rxe7 {[%csl Gb2,Gh1][%cal Rh5h8]} Rxf2+ 44. Ke1 {[%csl Gb2,Gh1][%cal Rh5h8]} Kf8 45. Rg7 {Weighted Error Value: White=0.13/Black=0.52} 1-0

[Event "North American-ch Juniors Open U20 2020"]
[Site "Charlotte"]
[Date "2020.12.22"]
[Round "7.6"]
[White "Tsay, Vincent"]
[Black "Fishbein, Mitch"]
[Result "1/2-1/2"]
[WhiteElo "2266"]
[BlackElo "2132"]
[Annotator "TA"]
[PlyCount "107"]
[EventDate "2020.12.06"]
[EventType "swiss"]
[EventCountry "USA"]
[SourceTitle "playchess.com"]
[Source "ChessBase"]
[SourceQuality "1"]

{[%evp 11,107,10,13,0,9,0,20,16,8,15,15,12,15,13,14,-2,11,6,29,8,43,0,43,32,55,15,23,0,21,21,70,41,58,-17,-2,-8,-20,-14,0,0,16,28,33,-8,30,-68,-56,-88,-78,-87,-14,-55,36,-178,-180,-152,-148,-331,-302,-311,-274,-277,-278,-283,-242,-237,-221,-220,-43,-211,-177,-193,-195,-217,-179,-206,-185,-153,-94,-85,-69,-60,-43,-30,0,-10,-3,-3,-4,-3,-3,-3,0,-4,0,-6,0,-12]} 1. d4 Nf6 2. Bf4 Nc6 3. Nf3 d6 4. e3 g6 5. h3 Bg7 6. Be2 O-O 7. Bh2 {A48: 1 d4 Nf6 2 Nf3 g6: Torre, London and Colle Systems.} Re8 8. O-O Bf5 9. c4 e5 10. d5 {[#]} Nb8 $146 {[%cal Bc6b8,Bb8a6,Ba6c5][%mdl 32]} ({Predecessor:} 10... Nb4 11. a3 Na6 12. Nc3 Nc5 13. Nd2 a5 14. b4 axb4 15. axb4 Rxa1 16. Qxa1 Na6 17. Qa3 e4 18. Nb5 Bc8 19. Nd4 Nd7 {½-½ (19) Golubov,S (2469)-Moiseenko,V (2526) Khanty-Mansiysk 2019}) 11. Nc3 a5 12. Nd2 Na6 13. e4 Bc8 14. Bg3 Nc5 15. Qc2 Rf8 16. Nb3 b6 17. Bh4 h6 18. Nd2 Qe8 19. Nb5 Na6 20. a3 Nh7 21. f3 Nf6 22. Nb3 (22. b4 $14) 22... Bd7 23. Nc1 Nh5 24. Nd3 g5 25. Bf2 Nf4 26. Nxf4 gxf4 27. Rfe1 Bf6 28. Kh2 ({Better is} 28. b4 $11) 28... Qe7 $15 29. Rg1 Kh8 30. Qd2 Bg5 (30... Bh4 $17 31. Bxh4 Qxh4) 31. b4 Rg8 ({Black should try} 31... Bh4 $15 32. Bxh4 Qxh4) 32. bxa5 $2 (32. Qe1 $14 {stays ahead.}) 32... Bh4 $19 33. Bf1 bxa5 34. g3 $2 (34. c5 $17 Bxf2 35. Qxf2 Nxc5 36. Nxc7) 34... fxg3+ 35. Bxg3 Bxg3+ 36. Rxg3 {[%cal Rd2h6] [#]} Qh4 $1 {[%mdl 512]} 37. Qe1 {Threatens to win with Rxg8+.} Qf4 {And now ...h5 would win.} 38. Nc3 Nc5 39. Ne2 {[#]} Qe3 $2 ({Black should play} 39... Qf6 $1 $19 40. Bg2 Rxg3 41. Nxg3 Qf4) 40. Qc1 $2 (40. Nc3 $1 $15 Qf4 41. Ne2) 40... Qf2+ 41. Bg2 {[%cal Rc1h6]} Kh7 42. Qe1 Qe3 43. Nc3 Qxe1 44. Rxe1 {[#]} Rxg3 (44... Rgb8 $142 $1 {...Rb3 is the strong threat.} 45. f4 exf4) 45. Kxg3 $17 Rb8 {Hoping for ...Rb3.} 46. Rb1 Rxb1 (46... Rg8+ {feels hotter.} 47. Kf2 f5 48. Nb5 Rf8 49. exf5 Bxf5 50. Rh1 Nd3+) 47. Nxb1 $15 {[%mdl 4096] Endgame KBN-KBN} Nd3 48. Nc3 {The position is equal.} Kg6 49. h4 Nf4 50. Bf1 Nh5+ 51. Kf2 Nf4 52. Kg3 Nh5+ 53. Kf2 Nf4 54. Kg3 {Black had all chances to win.  Weighted Error Value: White=0.32/Black=0.26} 1/2-1/2